000 00785nam a2200181 a 4500
008 110905s1910 ||||||||||||||||| || u
050 _aRK 666 Gos
100 _aGoslee, Hart J
245 1 0 _aPrinciples and practice of crown and bridgework: a practical, systematic and modern treatise upon the requirements and technique of artificial crown and bridgework. -- 3rd ed.
250 _a3rd ed.
260 _aNew York
_bThe Consolidated dental mfg
_c1910
300 _a600p.: ill.
350 _a0.00
650 _aDENTAL METALLURGY
650 _aDENTURES
650 0 _aDENTISTRY--ATLASES
995 _aMICHAEL CHILUFYA SATA OPEN ACCESS
_D0.00
_e901072
_FCBU-SCHOOL OF MEDICINE LIBRARY (Ndola)
_H1
_I0.00
_jRK 666 Gos
_M1
_UAVAILABLE
_WDec 1, 2011
_y901072
_ZMedical Library Open Access Collection
999 _c32488
_d32488